Aluminosilicate ores processed by a fluoride method; Refractories and Industrial Ceramics; Vol. 47,iss. 3
| Parent link: | Refractories and Industrial Ceramics.— , 1960- Vol. 47,iss. 3.— 2006.— [P. 146-148] |
|---|---|
| Beste egile batzuk: | , , , |
| Gaia: | Title screen An innovative method for preparation of mullite-based refractories from aluminosilicate topaz ores is proposed in which the mineral ore is treated with ammonium fluoride; the excess silicon dioxide is removed in the form of gaseous ammonium hexafluorosilicate. The desiliconized mixture is sintered to obtain a lightweight mullite refractory with a fibrous structure. Режим доступа: по договору с организацией-держателем ресурса |
| Hizkuntza: | ingelesa |
| Argitaratua: |
2006
|
| Gaiak: | |
| Sarrera elektronikoa: | https://doi.org/10.1007/s11148-006-0074-1 |
| Formatua: | MixedMaterials Baliabide elektronikoa Liburu kapitulua |
| KOHA link: | https://koha.lib.tpu.ru/cgi-bin/koha/opac-detail.pl?biblionumber=668890 |
MARC
| LEADER | 00000naa0a2200000 4500 | ||
|---|---|---|---|
| 001 | 668890 | ||
| 005 | 20250219105150.0 | ||
| 035 | |a (RuTPU)RU\TPU\network\40127 | ||
| 035 | |a RU\TPU\tpu\21332 | ||
| 090 | |a 668890 | ||
| 100 | |a 20230131d2006 k||y0rusy50 ba | ||
| 101 | 1 | |a eng | |
| 102 | |a US | ||
| 135 | |a arnn ---uucaa | ||
| 181 | 0 | |a i | |
| 182 | 0 | |a b | |
| 200 | 1 | |a Aluminosilicate ores processed by a fluoride method |f A. N. Dyachenko, A. A. Andreev, A. S. Buinovskii, R. I. Kraidenko | |
| 203 | |a Text |c electronic | ||
| 300 | |a Title screen | ||
| 320 | |a [References: 5 tit.] | ||
| 330 | |a An innovative method for preparation of mullite-based refractories from aluminosilicate topaz ores is proposed in which the mineral ore is treated with ammonium fluoride; the excess silicon dioxide is removed in the form of gaseous ammonium hexafluorosilicate. The desiliconized mixture is sintered to obtain a lightweight mullite refractory with a fibrous structure. | ||
| 333 | |a Режим доступа: по договору с организацией-держателем ресурса | ||
| 461 | |t Refractories and Industrial Ceramics |d 1960- | ||
| 463 | |t Vol. 47,iss. 3 |v [P. 146-148] |d 2006 | ||
| 610 | 1 | |a труды учёных ТПУ | |
| 610 | 1 | |a электронный ресурс | |
| 610 | 1 | |a topaz | |
| 610 | 1 | |a ammonium fluoride | |
| 610 | 1 | |a hexafluorosilicate | |
| 610 | 1 | |a ammonium bifluoride | |
| 610 | 1 | |a ammonium hexafluorosilicate | |
| 610 | 1 | |a топазы | |
| 610 | 1 | |a фторид аммония | |
| 610 | 1 | |a гексафторсиликат аммония | |
| 610 | 1 | |a бифторид аммония | |
| 701 | 1 | |a Dyachenko |b A. N. |c Chemical Engineer |c Professor of Tomsk Polytechnic University, Doctor of technical sciences |f 1977- |g Alexander Nikolaevich |3 (RuTPU)RU\TPU\pers\32666 | |
| 701 | 1 | |a Andreev |b A. A. |c Chemical Engineer |c Associate Professor of Tomsk Polytechnic University, Candidate of technical sciences |f 1983- |g Artyom Andreevich |3 (RuTPU)RU\TPU\pers\29529 |9 14065 | |
| 701 | 1 | |a Buinovsky (Buynovskiy, Buinovskii) |b A. S. |c chemist |c Professor of Tomsk Polytechnic University, Doctor of Technical Sciences |f 1940- |g Alexander Sergeevich |3 (RuTPU)RU\TPU\pers\47489 | |
| 701 | 1 | |a Kraydenko (Kraidenko) |b R. I. |c Chemical Engineer |c Associate Professor of Tomsk Polytechnic University, Senior Researcher, Candidate of chemical sciences |f 1983- |g Roman Ivanovich |3 (RuTPU)RU\TPU\pers\31223 | |
| 801 | 0 | |a RU |b 63413507 |c 20120524 | |
| 801 | 0 | |a RU |b 63413507 |c 20230201 |g RCR | |
| 856 | 4 | |u https://doi.org/10.1007/s11148-006-0074-1 | |
| 942 | |c CF | ||